LEADER 01455nam0 2200349 450 001 000020985 005 20080319105840.0 010 $a88-8289-736-2 100 $a20080221d2005----km-y0itaa50------ba 101 0 $aita 102 $aIT 200 1 $aLeggende e racconti popolari di Roma$eMiti, storie e misteri di una cittą rivisitati dalla fantasia popolare: personaggi fantastici e bizzarri, dalla Papessa Giovanna a Beatrice Cenci, da Lucrezia Borgia al Marchese del Grillo$fCecilia Gatto Trocchi$gricerca iconografica di Giulio Fefč 210 $aRoma$cNewton & Compton$dc2005 215 $a343 p.$cill.$d23 cm. 225 2 $aTradizioni italiane$v21 410 1$12001$aTradizioni italiane$v21 606 $aLetteratura popolare$yRoma 676 $a398.2$v(21. ed.)$9Folclore. Letteratura popolare 700 1$aGatto Trocchi,$bCecilia$0126143 702 1$aFefč,$bGiulio 801 0$aIT$bUniversitą della Basilicata - B.I.A.$gRICA$2unimarc 912 $a000020985 996 $aLeggende e racconti popolari di Roma$985520 997 $aUNIBAS BAS $aLETTERE CAT $aSTD060$b01$c20080221$lBAS01$h1637 CAT $aSTD060$b01$c20080304$lBAS01$h1523 CAT $aMDL$b30$c20080319$lBAS01$h0924 CAT $aMDL$b30$c20080319$lBAS01$h1055 CAT $aMDL$b30$c20080319$lBAS01$h1058 FMT Z30 -1$lBAS01$LBAS01$mBOOK$1BASA4$APolo di Matera$2DID$BDidattica$3MSR-401-153$6106596$5L106596$820080221$f98$FConsultazione LEADER 01283nam0 2200277 450 001 000043333 005 20170929132523.0 010 $a978-88-8443-464-7 100 $a20170929d2013----km-y0itaa50------ba 101 0 $aita 102 $aIT 200 1 $a<> biobanche di ricerca$estudio comparato sulla zona grigia tra privacy e proprietą$fMatteo Macilotti 210 $a[Trento]$cUniversitą degli studi di Trento$d2013 215 $aVII, 307 p.$d24 cm 225 2 $aQuaderni del Dipartimento$fUniversitą degli studi di Trento, Dipartimento di scienze giuridiche$v108 410 0$12001$aQuaderni del Dipartimento$fUniversitą degli studi di Trento, Dipartimento di scienze giuridiche$v108 606 1 $aGenetica umana$xInformazioni$xDiritto 676 $a344.04196$v(22. ed.)$9Diritto in materia di problemi e servizi sociali vari. Sperimentazione su esseri umani 700 1$aMacilotti,$bMatteo$0479225 801 0$aIT$bUniversitą della Basilicata - B.I.A.$gREICAT$2unimarc 912 $a000043333 996 $aBiobanche di ricerca$9260423 997 $aUNIBAS CAT $aTTM$b30$c20170929$lBAS01$h1325 FMT Z30 -1$lBAS01$LBAS01$mBOOK$1BASA2$APolo Tecnico-Scientifico$2GEN$BCollezione generale$3D1.CGT.115251$6115251$5T115251$820170929$f02$FPrestabile Generale